Documentación e Información Agrícola/
Uloženo v:
| Korporativní autor: | |
|---|---|
| Médium: | Neznámo |
| Jazyk: | Spanish |
| Vydáno: |
Guatemala:
IICA; CIDIA
|
| Témata: | |
| Tagy: |
Přidat tag
Žádné tagy, Buďte první, kdo vytvoří štítek k tomuto záznamu!
|
MARC
| LEADER | 00000 a2200000 04500 | ||
|---|---|---|---|
| 003 | cru CIDCACS/IIS | ||
| 005 | 20230221153907.0 | ||
| 008 | 200624n1989 gt |||p|r|||||||| ||spa|d | ||
| 022 | |a 0301438X | ||
| 040 | |c cru CIDCACS/IIS | ||
| 090 | |a REV1318 | ||
| 110 | 1 | |a Instituto Interamericano de Ciencias Agrícolas. |9 9379 |b Centro Interamericano de Documentación, Información y Comunicación Agrícola, CIDIA | |
| 245 | 1 | |a Documentación e Información Agrícola/ |c Instituto Interamericano de Ciencias Agrícolas. Centro Interamericano de Documentación, Información y Comunicación Agrícola | |
| 260 | |a Guatemala: |b IICA; |b CIDIA | ||
| 500 | |a EXISTENCIAS : 1980 (76, 75) | ||
| 650 | 0 | |9 6424 |a DOCUMENTACIÓN | |
| 650 | 4 | |9 1951 |a PRODUCCION AGROPECUARIA | |
| 650 | 0 | |9 125 |a INDICADORES | |
| 650 | 0 | |9 3113 |a PROYECTOS DE INVESTIGACION | |
| 650 | 0 | |9 1612 |a TESAUROS | |
| 942 | |2 ddc |c PP | ||
| 999 | |c 43206 |d 43206 | ||
